| 000 | 00917cam a22002897a 4500 | ||
|---|---|---|---|
| 003 | CHAP | ||
| 005 | 20220329134304.0 | ||
| 008 | 971013s1971 r 00010 d | ||
| 010 | _a18180 | ||
| 011 | _a19152 | ||
| 035 | _a23237 | ||
| 040 | _cCHAP | ||
| 090 | _aFolleto 1786 | ||
| 100 | 0 | 0 |
_aDeonier, D. L. _931820 |
| 245 | 1 | 2 | _aA systematic and ecological study of nearctic Hydrellia (Diptera:Ephydridae) |
| 260 |
_aWashington : _bSmithsonian Institution, _c1971 |
||
| 300 |
_a147 p. _b: ilus. |
||
| 490 | 0 |
_aSmithsonian contributions to zoology _v; 68 |
|
| 590 |
_aBATCH-UPD _b10 _c20130110 _lUCH01 _h0243 |
||
| 590 |
_aBATCH-UPD _b10 _c20130110 _lUCH01 _h2026 |
||
| 590 |
_aCONVERSION _b10 _c20130109 _lUCH01 _h1311 |
||
| 650 | 1 | 4 |
_aEphydridae. _937208 |
| 830 | 0 |
_aSmithsonian contributions to zoology _v; 68 _9107173 |
|
| 901 | _aBK | ||
| 942 | _cFOLL | ||
| 949 |
_aFolleto 1786 _bBC _cFOLL _d-54170 _eTS1 _i23237 _si |
||
| 999 |
_c18180 _d18180 |
||